000 00886cab a22002175a 4500
001 L148305
008 090901s2009 xxka f 000 0 eng d
035 _a(Sirsi) u148305
041 0 _aeng
100 1 _aMyers, Chris
245 0 0 _aStepping up
260 _c2009
490 _aSolicitors Journal
_v153 (21) June 2009, 11-12 (2)
520 _aEncourages solicitors to take a proactive part in the process of producing a Home Information Pack (HIP). Explains which documents need to be included in a HIP and provides tips for solicitors to manage their relationships with those involved in the process.
590 _aKA
650 2 4 _aHOME INFORMATION PACKS
650 2 4 _aRESIDENTIAL ENERGY PERFORMANCE CERTIFICATES
651 4 _aGreat Britain
_y1707-
690 _aPROPERTY-RESIDENTIAL PROPERTY-ACQUISITION AND DISPOSAL OF RESIDENTIAL PROPERTY-HOME BUYING REFORM
942 _n0
999 _c81778
_d81778